Debi Tirar Más Fotos (canción) DTmF- Bad Bunny - Estadísticas

Estadísticas generales
  • Esta prueba ha sido intentada 114 veces
  • La puntuación promedio es 289 de 450
Estadísticas de respuestas
LeTrA % Correcto
Big J
100%
Dannelly
100%
Édgar
100%
Óscar
100%
Roy
100%
Seba
100%
de
98%
A
95%
a
95%
Debí
95%
foto
95%
más
95%
ti
95%
te
94%
(te
94%
tirar
94%
que
93%
Que
93%
qué
93%
93%
tu
93%
fotos
92%
o
91%
cuando
90%
la
90%
tuve
90%
Y
90%
y
90%
las
88%
los
88%
da
86%
besos
85%
mi
85%
Mi
85%
85%
pude
84%
abrazos
83%
darte
83%
se
83%
83%
veces
79%
me
78%
no
78%
No
78%
nunca
76%
ojalá
74%
Ojalá
74%
muden
73%
en
72%
si
72%
Si
72%
míos
71%
es
70%
pa
66%
Para
66%
di
65%
el
65%
El
65%
ayuden
63%
San
63%
con
62%
Hoy
62%
hoy
62%
Otro
60%
veo
60%
bonito
59%
emborracho
59%
ja
59%
ja)
59%
vez
59%
Juan
58%
Ey
57%
van
57%
Yo
57%
yo
57%
Pero
56%
pero
56%
última
56%
ya
56%
Ya
56%
cosas
55%
PR
55%
pues
55%
sunset
55%
volver
55%
dan
53%
le
53%
ojos
53%
queriendo
53%
Disfrutando
52%
miré
52%
todo
52%
tiré
51%
todas
51%
una
51%
contarte
50%
corazón
50%
esas
50%
pecho
50%
bien
49%
conté
49%
tirarte
49%
estoy
48%
Estoy
48%
noches
48%
son
47%
tengo
47%
crush
45%
día
45%
nudes
45%
pareces
45%
petardos
45%
digo
44%
dónde
44%
estás
44%
loco
44%
para
44%
Para
44%
patadas
44%
tiros
44%
pienso
43%
por
43%
pregunta
43%
tranquilo
43%
abuelo
42%
baby
42%
envíes
42%
jugando
42%
matada
42%
Vamos
42%
vamos
42%
voy
42%
aún
41%
Dime
41%
dominó
41%
pelado
41%
quiero
41%
suspiros
41%
amo
40%
beber
40%
calle
40%
salen
40%
Aquí
38%
aquí
38%
dándome
38%
dulce
38%
estar
38%
hasta
38%
nos
38%
terminó
38%
tocando
38%
cojones
37%
nombre
37%
extrañan
36%
hablar
36%
mami
36%
mierda
36%
nena
36%
nene
36%
batá
35%
cabrón
35%
Cabrón
35%
dejamos
35%
estadía
35%
choco
34%
esbaratada
34%
expulsen
34%
llegarle
34%
máquinas
34%
prendan
34%
sabe
34%
poco
33%
disfrutar
31%
pena
31%
queda
31%
cerquita
30%
corillo
30%
Gente
30%
Santurce
30%
sería
30%
tiene
30%
cadenas
29%
caminando
29%
Diablo
29%
Gracias
29%
güiro
29%
kilo
29%
suena
29%
blanquita
28%
cómo
28%
Cristal
28%
estén
28%
Julito
28%
mía
28%
todavía
28%
chequéate
27%
Chequéate
27%
estamos
27%
Estamos
27%
guía
27%
salsa
27%
valgan
27%
importante
26%
perico
26%
perreo
26%
plena
26%
uno
26%
acá
24%
caña
24%
movies
24%
mucho
24%
Roro
24%
toques
24%
verdad
24%
mundo
23%
Zumba
23%
babies
22%
ustedes
22%
Berni
21%
bomba
21%
vengan
21%
significa
20%
Cada
19%
Así
17%
Yan
15%
Métanse
14%
No se encontraron pruebas coincidentes
Distribución de puntuación
Porcentaje de gente con cada puntuación
Porcentaje por número respondido
Historial de tus puntuaciones
No has intentado esta prueba.